000 00513nam a2200181Ia 4500
008 090124s9999 xx 000 0 und d
082 _b23078
100 _aजोशी विमला
245 _a पाऊलखुणा
250 _a1
260 _bप्रपंच प्रकाशन
_c1985
300 _a159
600 _aजोशी विमला
630 _a पाऊलखुणा
700 _aजोशी विमला
730 _a पाऊलखुणा
942 _cBOOK
999 _c92134
_d92134